<?xml version="1.0" encoding="UTF-8"?>
<collection xmlns="http://www.loc.gov/MARC21/slim">
 <record>
  <leader>01494nam a2200205Ia 4500</leader>
  <controlfield tag="001">CTU_118434</controlfield>
  <controlfield tag="008">210402s9999    xx            000 0 und d</controlfield>
  <datafield tag="020" ind1=" " ind2=" ">
   <subfield code="c">42000</subfield>
  </datafield>
  <datafield tag="082" ind1=" " ind2=" ">
   <subfield code="a">813.5</subfield>
  </datafield>
  <datafield tag="082" ind1=" " ind2=" ">
   <subfield code="b">S544</subfield>
  </datafield>
  <datafield tag="100" ind1=" " ind2=" ">
   <subfield code="a">Sheldon, Sidney</subfield>
  </datafield>
  <datafield tag="245" ind1=" " ind2="0">
   <subfield code="a">Bóng tối kinh hoàng [tiểu thuyết]</subfield>
  </datafield>
  <datafield tag="245" ind1=" " ind2="0">
   <subfield code="c">Sidney Sheldon ; Trạch Thiên (dịch)</subfield>
  </datafield>
  <datafield tag="260" ind1=" " ind2=" ">
   <subfield code="a">Hà Nội</subfield>
  </datafield>
  <datafield tag="260" ind1=" " ind2=" ">
   <subfield code="b">Văn học</subfield>
  </datafield>
  <datafield tag="260" ind1=" " ind2=" ">
   <subfield code="c">2006</subfield>
  </datafield>
  <datafield tag="520" ind1=" " ind2=" ">
   <subfield code="a">Cái chết của những người có liên quan đến Parima lần lượt xảy ra một cách bí ẩn và đột ngột, khiến người thân của họ bàng hoàng đau đớn và tự hỏi &quot;Chuyện gì đang xảy ra thế này?&quot; Cùng chung nỗi đau mất chồng, hai người phụ nữ giỏi giang xinh đẹp đã sát cánh bên nhau trong cuộc chiến sinh tử với một bọn người mưu đồ làm giàu bất chính không từ thủ đoạn nào. Liệu họ có vượt qua được những cạm bẩy bủa giăng khắp nơi để tìm ra sự thật về cái chết của chồng họ và về Prima? &quot;Bống tối kinh hoàng&quot; là lời giải đáp sự chiến thắng của điều thiện, của khát khao của tình yêu...</subfield>
  </datafield>
  <datafield tag="650" ind1=" " ind2=" ">
   <subfield code="a">American fiction,American literature</subfield>
  </datafield>
  <datafield tag="904" ind1=" " ind2=" ">
   <subfield code="i">Hiếu</subfield>
  </datafield>
  <datafield tag="980" ind1=" " ind2=" ">
   <subfield code="a">Trung tâm Học liệu Trường Đại học Cần Thơ</subfield>
  </datafield>
 </record>
</collection>
